000 00953cam a2200301 4500
001 3619396
003 ARRUPE
005 20140402110502.0
008 731210s1973 sa 000 0aeng
010 _a 73177050
015 _aSA***
020 _a0949937017
_a0949937027 (de luxe)
040 _aDLC
_cDLC
_dDLC
043 _af-rh---
050 0 0 _aDT962.9.M35
_bF57 1973
082 0 0 _a916.89/1
100 1 _aFitzpatrick, Percy,
_cSir,
_d1862-1931.
_99643
245 1 0 _aThrough Mashonaland with pick and pen.
_cEdited and introduced by A. P. Cartwright
250 _a[Rev. ed.
260 _aJohannesburg]
_bAd. Donker
_c[1973]
300 _a135 p.
_c21 cm.
490 0 _aAfricana library
600 1 0 _aFitzpatrick, Percy,
_cSir,
_d1862-1931.
_99644
651 0 _aMashonaland
_xDescription and travel.
_99645
700 1 _aCartwright, Alan Patrick,
_eed.
_99646
906 _a7
_bcbc
_corignew
_d4
_encip
_f19
_gy-gencatlg
942 _2lcc
_cREFERENCE
999 _c120338
_d120338